| 000 | 01168nam a2200301 a 4500 | ||
|---|---|---|---|
| 001 | BRCA_3443 | ||
| 005 | 20190320204303.0 | ||
| 041 | _apol | ||
| 044 | _apl | ||
| 084 |
_a732 _b.I85 _c1954 |
||
| 245 | 1 | 0 | _aPrzedziwna historia don Kichota z Manczy. |
| 260 |
_a[Varsovia] _b[Wydawnictwo Iskry] _c[1954] |
||
| 300 |
_a67 p. _bil. _c21 cm. |
||
| 500 | _aEdición : i jego autora, Napisala Ewa Szelburg-Zarembina; ilustrowal iokladke projektowia Jerzy Skarzynki | ||
| 500 | _aCompendio muy breve de la novela, en polaco, por Ewa Szelburg-Zarembina. Ilustrado. Rústica Lúdovik Osterc | ||
| 500 | _aEstado físico : Encuadernación en papel | ||
| 500 | _aQMB118 | ||
| 546 | _aTexto en : polaco | ||
| 650 | 1 | 4 |
_aNovela española _yÉpoca clásica, 1500-1700 _9215 |
| 650 | 1 | 4 |
_aLiteratura española _yÉpoca clásica, 1500-1700 _9216 |
| 650 | 1 | 4 |
_aNovela española _ySiglo XVII _9217 |
| 650 | 1 | 4 |
_aDon Quijote (Personaje ficticio) _eNovela _9218 |
| 700 | 1 |
_aSzelburg-Zarembina, Ewa _d1899-1986 _eEditora _99010 |
|
| 700 | 1 |
_aSkarzynki, Jerzy _d1924-2004 _eIlustrador _99011 |
|
| 740 | 0 | _aEl Ingenioso Hidalgo Don Quijote de la Mancha | |
| 902 | _aQFM | ||
| 942 |
_2lcc _cB |
||
| 999 |
_c3179 _d3179 |
||